| 000 | 00795nam a2200253Ia 4500 | ||
|---|---|---|---|
| 003 | OSt | ||
| 005 | 20220927110317.0 | ||
| 006 | a|||||r|||| 00| 0 | ||
| 007 | ta | ||
| 008 | 220926b |||||||| |||| 00| 0 eng d | ||
| 024 | _a121461 | ||
| 037 | _cReference Collections | ||
| 040 |
_aRTL _cRTL _beng |
||
| 041 |
_2eng _aeng |
||
| 082 | _a"Tp2,N58, GD" | ||
| 110 |
_a"India, Government Of.... Education (M/O-), Education Ministers Conference" _9376136 |
||
| 111 |
_a8th held at (5th and 6th June : 1965 : Srinagar) _9376137 |
||
| 245 | 0 | _aProceedings | |
| 300 |
_a244p. _ccm. |
||
| 650 | _aEducation | ||
| 700 |
_a"India, Government Of.... Education (M/O-), Education Ministers Conference" _9376138 |
||
| 942 |
_h"Tp2,N58, GD" _cCC |
||
| 999 |
_c695539 _d695539 |
||